000 00543nam a2200217Ia 4500
005 20250505124944.0
008 008 250505s9999 xx 000 0 eng d
037 _aTextbook
040 _aLCO
_beng
_cLCO
041 _aeng
_2eng
084 _aZ(Q7) R1
_qLCO
100 _aMulla ,D.F.
_9754004
245 0 _aMahomedan law
_c D.F.Mulla
250 _a23rd
260 _aHaryana, India
_bLexisNexis
_c2021
300 _a872
365 _aINR
_b1695
650 _aLaw
942 _cTB
_hZ(Q7) R1
999 _c1310839
_d1310839